000 00716nam a2200205Ii 4500
003 JO-AjNU
008 230605s9999||||xx |||||||||||||| ||und||
040 _aJO-AjNU
_bara
_erda
_cJO-AjNU
041 _aara
050 1 4 _aBF575.A3.R4422.2004
100 3 _aابراهيم،ريكان,
_eauthor
_921860
245 0 0 _aالنفس والعدوان:دراسة نفسية اجتماعية في ظاهرة العدوان البشري
250 _aط1
264 3 1 _aاربد:دار الكندي للنشر والتوزيع ، 2004
300 _a234ص
336 _atext
_btxt
_2rdacontent
337 _aunmediated
_bn
_2rdamedia
338 _avolume
_bnc
_2rdacarrier
650 4 _aالعدوانية-علم نفس
_921861
999 _aA7666
_c11234
_d11234